[Event "Cappelle op 31st"]
[Site "Cappelle la Grande"]
[Date "2015.03.07"]
[Round "9"]
[White "Gharamian, Tigran"]
[Black "Kurajica, Bojan"]
[Result "1/2-1/2"]
[WhiteElo "2651"]
[BlackElo "2492"]
[Annotator "RR"]
[PlyCount "94"]
[EventDate "2015.02.28"]
[EventType "swiss"]
[EventRounds "9"]
[EventCountry "FRA"]
[SourceTitle "EXT 2016"]
[Source "ChessBase"]
[SourceDate "2015.10.08"]
[SourceVersion "1"]
[SourceVersionDate "2015.10.08"]
[SourceQuality "1"]

1. e4 c5 2. Nf3 Nc6 3. d4 cxd4 4. Nxd4 Qb6 5. Nb3 Nf6 6. Nc3 e6 7. Qe2 Bb4 8.
Bd2 O-O 9. a3 (9. O-O-O d5 $132) 9... Bxc3 (9... Be7 10. O-O-O d5 11. exd5 Nxd5
12. Nxd5 exd5 13. Be3 Qc7 14. g3 Rd8 15. Bg2 Bf5 16. Rxd5 Rxd5 17. Bxd5 Rc8 18.
Bf4 Qb6 19. Re1 h6 20. Be3 Qd8 21. Bxc6 Bxc2 22. Kxc2 Rxc6+ 23. Kb1 Qd5 24. Nd4
Qe4+ 25. Ka1 Ra6 26. Qc2 {1-0 (26) Rodshtein,M (2664)-Landa,K (2640) Germany
2013}) 10. Bxc3 e5 11. O-O-O a5 (11... Rd8 12. Rd6 $14) (11... Re8 12. g4 d5
13. exd5 Bxg4 14. f3 Nd4 $13 {Amonatov,F (2557)-Arzumanian,G (2416) Tula
Efremenkov Memorial 2004 (11) 1/2}) 12. f4 (12. g4 d6 13. g5 Ne8 14. Nd2 Be6
15. Rg1 Nc7 16. Nc4 Bxc4 17. Qxc4 Qxf2 18. Be2 Ne6 19. Bg4 Ned4 20. Bxd4 Nxd4
21. Kb1 Qf4 22. Qd3 Qxg5 23. c3 Nc6 24. Bd7 Qf4 25. Rdf1 Qh6 26. Qc4 Rad8 27.
Bg4 Qh4 28. Rg2 Ne7 29. Qc7 h5 30. Bf3 g6 31. Qxb7 d5 32. exd5 e4 33. Bxh5 Qxh5
34. Qxe7 Qxd5 35. Rf6 Qd1+ 36. Ka2 Qd5+ 37. Kb1 Qd1+ 38. Ka2 Qd5+ 39. Kb1 Qd3+
40. Ka2 e3 41. Rgxg6+ fxg6 {Madl,I (2347)-Shvayger,Y (2275) Tromso 2014 0-1})
12... Re8 (12... a4) 13. Kb1 a4 14. fxe5 Nxe5 15. Nd4 (15. Nd2 $142 {Plus
simple car Nd4 mène à une position peu claire ou les Blancs doivent faire de
l'équilibrisme pour ne pas perdre de matériel} d5 16. exd5 Bg4 17. Qb5 Qxb5
18. Bxb5 Bxd1 19. Bxe8 Rxe8 20. Rxd1 Nxd5 $11) 15... d5 16. Qb5 Qc7 17. exd5
Bd7 18. d6 (18. Qb4 Nxd5 19. Nb5 {[%cal Gd1d5]} Bxb5 20. Rxd5 Bc6 21. Rd1 {
[%cal Gf1b5]}) 18... Qc8 19. Qe2 Bg4 20. Qe1 Bxd1 21. Qxd1 Ne4 22. Nb5 Nf2 23.
Qd5 Qc6 (23... Nxh1 24. Nc7) 24. Qxc6 Nxc6 (24... bxc6 $5 25. Nc7 Nxh1 26. Nxa8
Nd7 (26... Rxa8 27. Bxe5) 27. Nc7 Rd8 {[%csl Rd6,Gd8] Et la R sera forte en
finale dans cette position ouverte}) 25. Rg1 Rad8 26. Bc4 Ne4 27. Rd1 Rd7 28.
Bd5 Kf8 29. Rf1 Nxc3+ 30. bxc3 Re5 31. c4 h5 32. Kb2 (32. Rf2 {[%cal Gb1b2,
Gb2c3]}) 32... f5 33. Rd1 Ke8 34. c5 Rd8 35. Rd3 Kd7 36. Nc3 Ra8 37. Rg3 Ra5
38. Rxg7+ Kd8 39. Rxb7 Rxc5 40. Rc7 Re3 41. Bxc6 Rexc3 {[%emt 0:00:13]} 42.
Rd7+ {[%emt 0:00:05]} Kc8 43. Rc7+ Kd8 (43... Kb8 $2 44. Rb7+ Kc8 45. d7+ Kd8
46. Rb8+) 44. Rd7+ Kc8 45. Rc7+ Kd8 46. Rd7+ Kc8 47. Rc7+ Kd8 1/2-1/2

[Event "Belgrade RAD 30"]
[Site "Belgrade"]
[Date "1977.01.17"]
[Round "3.1"]
[White "Radulov, Ivan"]
[Black "Portisch, Ferenc"]
[Result "1-0"]
[WhiteElo "2500"]
[BlackElo "2475"]
[Annotator "Radulov,I"]
[PlyCount "93"]
[EventDate "1977.01.15"]
[EventType "tourn"]
[EventRounds "13"]
[EventCountry "SRB"]
[EventCategory "9"]
[SourceTitle "EXT 2018"]
[Source "ChessBase"]
[SourceDate "2017.10.13"]
[SourceVersion "1"]
[SourceVersionDate "2017.10.13"]
[SourceQuality "1"]
[TimeControl "40/9000:16/5400:0"]

1. e4 c5 2. Nf3 Nc6 3. d4 cxd4 4. Nxd4 Nf6 5. Nc3 e5 6. Ndb5 d6 7. a4 a6 8. Na3
Be6 9. Bc4 Rc8 10. O-O Bxc4 $146 (10... Be7 11. Bg5 O-O 12. Bxf6 Bxf6 13. Nd5
Bg5 14. c3 Kh8 15. Qe2 Ne7 16. Nxe7 Qxe7 17. Rad1 Rfd8 18. Bxe6 fxe6 19. c4 Rd7
20. Rd3 Rcd8 21. Rfd1 Qf7 22. Nb1 Be7 23. Nc3 Rc7 24. b3 Rcc8 25. Qg4 Rf8 26.
Rf3 Qg8 27. Rdd3 Rxf3 28. Rxf3 Bf6 29. h4 Rf8 30. g3 Qf7 31. h5 Qe7 32. Kg2 Kg8
33. Nd1 Bg5 34. Rxf8+ Kxf8 35. Nb2 Bf6 36. Nd3 Kf7 37. Qf3 Qc7 38. Qe3 b6 39.
Nb4 Qb7 40. Qf3 {Hennings,A-Pavlov,M Bucharest 1971 1-0}) 11. Nxc4 Nd4 12. Qd3
Nxc2 13. Qxc2 Rxc4 14. Bg5 Be7 15. Qb3 Qc8 16. Rac1 Rc6 17. Rcd1 O-O 18. Rd3 h6
19. Bxf6 Bxf6 20. Rfd1 Rd8 21. Rf3 Re8 22. h3 Re6 23. Nd5 Bd8 24. Qb4 Rg6 25.
Kh2 Rc2 26. Rd2 Rxd2 27. Qxd2 Qc4 28. Qb4 Qxb4 29. Nxb4 d5 30. Nxd5 Rc6 31. Rb3
b6 32. Rd3 Bf6 (32... Rc4 $142 33. Nc3 Rd4 {Inf 23/369}) 33. b3 a5 34. Kg3 Kf8
35. Ne3 Be7 36. Nc4 Rg6+ 37. Kh2 Re6 38. Rd5 Bc5 39. f3 g5 40. Nxa5 Bd4 41. Nc4
h5 42. Rd6 Ke7 43. Rxe6+ Kxe6 44. b4 f5 45. b5 h4 46. g3 Bf2 47. g4 1-0

[Event "Belgrade RAD 30"]
[Site "Belgrade"]
[Date "1977.01.20"]
[Round "5.3"]
[White "Matulovic, Milan"]
[Black "Rajkovic, Dusan"]
[Result "1/2-1/2"]
[WhiteElo "2510"]
[BlackElo "2495"]
[Annotator "Rajkovic,D"]
[PlyCount "87"]
[EventDate "1977.01.15"]
[EventType "tourn"]
[EventRounds "13"]
[EventCountry "SRB"]
[EventCategory "9"]
[SourceTitle "EXT 2010"]
[Source "ChessBase"]
[SourceDate "2010.11.25"]
[SourceVersion "1"]
[SourceVersionDate "2010.11.25"]
[SourceQuality "1"]
[TimeControl "40/9000:16/5400:0"]

1. e4 c5 2. Nf3 e6 3. d4 cxd4 4. Nxd4 Nf6 5. Nc3 Nc6 6. Ndb5 d6 7. Bf4 e5 8.
Bg5 a6 9. Na3 b5 10. Bxf6 gxf6 11. Nd5 f5 12. exf5 Bxf5 13. Bd3 e4 14. Qe2 Nd4
15. Qe3 Bg7 16. f3 Qh4+ (16... O-O 17. fxe4 Be6 18. O-O Nc6 19. c3 Ne5 20. Nc2
Kh8 21. Nd4 Ng4 22. Qh3 Bxd4+ 23. cxd4 Rg8 24. Qf3 Bxd5 25. exd5 Qg5 26. Rae1
Qg7 27. Qe4 Rae8 28. Qxe8 Qxd4+ 29. Kh1 Rxe8 30. Rxe8+ Kg7 31. Be2 Nf2+ 32.
Rxf2 Qxf2 33. h3 Qd4 {0-1 (32) Honfi,K (2460)-Tatai,S (2465) Budapest 1976})
17. g3 Nxf3+ 18. Qxf3 exf3 19. gxh4 Bxd3 20. cxd3 Bxb2 21. Rd1 $146 (21. Rb1
Bxa3 22. Nc7+ Kd7 23. Nxa8 Bc5 24. Kd2 Rxa8 25. Kc3 Be3 26. d4 f5 27. Kd3 Re8
28. Rhe1 f4 29. Rf1 f2 30. a4 Kc6 31. axb5+ axb5 32. Ra1 Kb6 33. Ra2 d5 34.
Rfa1 f1=Q+ 35. Rxf1 Re4 36. Ra8 Rxd4+ 37. Kc3 Rc4+ 38. Kb3 d4 39. Rfa1 d3 40.
Rb8+ Kc5 41. Ra7 d2 42. Rc7+ Kd6 {0-1 (41) Bischoff,K-Bauer,E Germany 1976})
21... Bxa3 22. Nc7+ Kd7 23. Nxa8 Rxa8 24. O-O (24. Kf2 Rc8 25. Rd2 Bc1 $15 {
Inf 23/381}) 24... Rg8+ 25. Kh1 Rg2 26. Ra1 Bb2 27. Rxf3 Rd2 28. Raf1 Bd4 29.
Rf4 Rxd3 30. Rxf7+ Ke6 31. R7f3 Rd2 32. Ra3 Be5 33. Rxa6 Rxh2+ 34. Kg1 Rxh4 35.
Rb1 b4 36. a3 Rg4+ 37. Kh1 bxa3 38. Rxa3 h5 39. Rg1 Rh4+ 40. Kg2 Rh2+ 41. Kf1
Bd4 42. Rg6+ Kd5 43. Rd3 Rf2+ 44. Ke1 1/2-1/2

[Event "Moscow Aeroflot op-A"]
[Site "Moscow"]
[Date "2007.02.15"]
[Round "2"]
[White "Balogh, Csaba"]
[Black "Mamedov, Rauf"]
[Result "1-0"]
[WhiteElo "2616"]
[BlackElo "2566"]
[Annotator "Reeh,O"]
[PlyCount "75"]
[EventDate "2007.02.14"]
[EventType "swiss"]
[EventRounds "9"]
[EventCountry "RUS"]
[SourceTitle "CBM 117"]
[Source "ChessBase"]
[SourceDate "2007.03.30"]
[SourceVersion "1"]
[SourceVersionDate "2007.03.30"]
[SourceQuality "1"]

1. e4 c5 2. Nf3 Nc6 3. d4 cxd4 4. Nxd4 Nf6 5. Nc3 e5 6. Ndb5 d6 7. Bg5 a6 8.
Na3 b5 9. Nd5 Be7 10. Bxf6 Bxf6 11. c4 b4 12. Nc2 Rb8 13. g3 O-O 14. b3 g6 15.
Nxf6+ Qxf6 16. Bg2 Qe7 17. O-O a5 18. Qd3 Bb7 19. Rfd1 Rbd8 20. a3 bxa3 21.
Nxa3 f5 22. Nb5 Nb4 23. Qe2 fxe4 24. Bxe4 Bxe4 25. Qxe4 {[%tqu "En","How can
Black loosen White's grip on the position?","Black has a freeing pawn push
which uproots the Nb5 and exploits the weakness of f2.","","d6d5","Putting a
pawn on a three-times controlled square!",10,"De","Wie kann Schwarz den
gegnerischen Griff lockern?","Schwarz hat einen befreienden Bauernvorstoß, mit
dem er den Sb5 entwurzelt und die Schwäche von f2 ausnutzt.","","d6d5","Stellt
einen Bauern auf einen dreimal kontrolliertes Feld!",10]} d5 $1 {Freeing
Black's position. Befreit die schwarze Stellung.} 26. Qe2 (26. cxd5 Qc5 27. Qe2
Nxd5 {with equality - mit Ausgleich -} 28. Rxa5 $2 {[%tqu "En","","","","d5c3",
"winning an exchange.",10]} Nc3 $1 {winning an exchange. mit Qualitätsgewinn.})
26... Qc5 $5 {Very ambitious - Black puts his hope on his central pawns. Sehr
ehrgeizig - Schwarz setzt seine Hoffnungen auf seine Zentralbauern.} (26...
dxc4 27. Qxc4+ Kg7 {would have equalized the chances, since hätte die Chancen
ausgeglichen, denn} 28. Rxd8 Rxd8 29. Rxa5 $2 {is risky due to ist riskant
wegen} Rd1+ 30. Kg2 Qb7+ 31. Kh3 {[%tqu "En","Black is a pawn down, his Nb4 is
hanging and White threatens Ra7 winning the queen. What do you do?","Black can
exploit the exposed postion of the white king to equalize the chances...
setting a devilish trap on the way!","","b4d3","Ingeniously played!  Add
yourself the full number of points - if you have already seen how Black wins
if White now replies 32.Rc7!",20,"b4c6","This defends against both 32.Qxb4 and
32.Ra7, yet Black has a more forceful continuation.",0,"De","Schwarz hat einen
Bauern weniger, sein Sb4 hängt und Weiß droht Damengewinn. Was ist zu tun?",
"Schwarz kann die exponierte Stellung des weißen König nutzen, um die Chancen
auszugleichen... und dabei eine teuflische Falle stellen!","","b4d3","Genial
gespielt!  Schreiben Sie sich die volle Punktzahl gut - wenn Sie hier schon
gesehen haben, wie Schwarz jetzt nach der weißen Erwiderung 32.Tc7 gewinnt!",
20,"b4c6","Dies pariert sowohl 32.Dxb4 als auch 32.Ta7, doch Schwarz hat eine
kräftigere Fortsetzung.",0]} Nd3 $1 {e.g. , z.B.} 32. Ra7 $4 (32. Qc7+ Qxc7 33.
Nxc7 Nxf2+ $11) 32... Nxf2+ 33. Kh4 {[%tqu "En","Black to play and win!",
"Catch the white king in a mating net!","Kings to the fore!","g7h6","Marvelous
- now the threat 34...g5 mate wins for Black!",15,"De","Schwarz zieht und
gewinnt!","Fangen Sie den weißen König in einem Mattnetz!","König an die
Front!","g7h6","Prächtig - die Drohung 34...g5 Matt gewinnt für Schwarz!",15]}
Kh6 $3 {and Black wins, e.g. und Schwarz gewinnt, z.B.} 34. Qg4 (34. Rxb7 g5#)
34... Qe4 $1) 27. Rxa5 d4 28. Ra7 d3 29. Qd2 Rf3 (29... e4 $1 {was interesting,
e.g. war interessant, z.B.} 30. Rc7 (30. Qb2 Rf7) 30... Qf5 {with unclear play.
mit unklarem Spiel.}) 30. Rc7 Qb6 31. Rf1 Na6 32. Ra7 Nc5 33. b4 Nd7 34. Qa2
Kh8 {[%tqu "En","White can win material here. How?","White can win a piece
with a skewer.","The rook on f3 is unprotected.","a7d7","Distracting the rook
from the back rank, enabling the white queen to give a very profitable check
on a8!",10,"De","Weiß kann hier Material gewinnen. Wie?","Weiß kann eine Figur
aufgabeln.","Der Turm auf f3 ist ungedeckt.","a7d7","Lenkt den Turm von der
Grundreihe ab und ermöglicht ein sehr einträgliches Damenschach auf a8!",10]}
35. Rxd7 $1 {Distracting the rook from the back rank, enabling the white queen
to give a very profitable check on a8! Lenkt den Turm von der Grundreihe ab
und ermöglicht ein sehr einträgliches Damenschach auf a8!} Rxg3+ (35... Rxd7
36. Qa8+ {and the rook f3 falls. und der Tf3 fällt.}) 36. hxg3 Rxd7 37. Qa8+
Kg7 38. Qe8 1-0

[Event "New York op"]
[Site "New York"]
[Date "1998.03.18"]
[Round "5"]
[White "Spraggett, Kevin"]
[Black "Shulman, Yuri"]
[Result "1/2-1/2"]
[WhiteElo "2565"]
[BlackElo "2480"]
[Annotator "Ribli,Z"]
[PlyCount "69"]
[EventDate "1998.03.16"]
[EventType "swiss"]
[EventRounds "9"]
[EventCountry "USA"]
[SourceTitle "CBM 064"]
[Source "ChessBase"]
[SourceDate "1998.06.02"]
[SourceVersion "1"]
[SourceVersionDate "1998.06.02"]
[SourceQuality "1"]

1. e4 c5 2. Nf3 e6 3. d4 cxd4 4. Nxd4 Nc6 5. Nb5 {Wenn Schwarz diese Variante
vermeiden möchte, kann er nach 1.e4 c5 2.Nf3 Nc6 und 3.d4 cxd4 4.Nxd4 Qc7
spielen. Dort ist 5.Nb5 weniger gefährlich für Schwarz als in unserer
Partiestellung. Ribli.} d6 6. Bf4 (6. c4 Nf6 7. N1c3 a6 8. Na3 {Diese Variante
führt in die sogenannte Igelstellung. Weiß kontrolliert mehr Raum, aber
Schwarz verfügt über eine solide Stellung mit vielen taktischen Reserven.})
6... e5 7. Be3 Nf6 (7... a6 {Meiner Meinung nach bietet dieser Zug Schwarz die
besten Chancen.} 8. N5c3 Nf6 9. Bg5 Be7 10. Nd2 Be6 11. Nc4 Nd4 12. Bd3 Rc8 13.
Bxf6 Bxf6 $13 {Almasi,Z-P.Cramling/Pamalona/1997}) 8. Bg5 Be6 9. Bxf6 (9. Nd2
Be7 10. Bxf6 Bxf6 11. Nc4 O-O 12. Qxd6 Qc8 13. Qc7 Bxc4 14. Bxc4 Nd4 15. Bd3
Nxb5 16. Qxc8 Raxc8 17. Bxb5 Rxc2 18. b3 Rd8 $15 {Wahls,M-Ribli,Z/BL9596 1996/
1/2-1/2 (54)}) 9... gxf6 10. Nd2 a6 (10... d5 $6 11. exd5 Bxd5 12. Bc4 $1 $14 (
12. Nc4 Be6 13. Ncd6+ Bxd6 14. Qxd6 Qxd6 15. Nxd6+ Ke7 16. O-O-O Rhd8 17. Nb5
Nb4 18. Nc3 Rxd1+ 19. Kxd1 Bf5 20. a3 Nxc2 21. g4 Rd8+ 22. Kc1 Bg6 23. Bg2 Nd4
{0-1 Rodin,M-Milov,L/Komercni Banka op 1996/EXP 55 (41)}) 12... a6 13. Bxd5
axb5 14. Bb3 {[%csl Gb3,Rb5,Rb7,Rf6,Rf7]} Nd4 15. O-O Nxb3 16. axb3 $1 Rxa1 17.
Qxa1 Be7 18. Qd1 O-O 19. Ne4 $14 {[%csl Ge4] Leko,P-Portisch,L/HUN-ch+ 1997/
1-0 (52)}) (10... Rc8 11. Nc4 d5 12. exd5 Bxd5 13. Ne3 Qa5+ 14. c3 Be6 15. Nc4
Bxc4 16. Bxc4 Nd4 17. Bxf7+ Kxf7 18. Qh5+ Ke7 19. Nxd4 Rxc3 20. O-O Rd3 21.
Rad1 {1-0 Geenen,M-Jadoul,M/OHRA op 1987 (29)}) 11. Nc3 f5 $5 {Wir haben nun
eine ähnliche Stellung wie in der Sweschnikov-Variante (1.e4 c5 2.Nf3 Nc6 3.d4
cxd4 4.Nxd4 Nf6 5.Nc3 e5 6.Ndb5 d6 7.Bg5 a6 8.Na3 b5 9.Bxf6 gxf6 - aus der
Sizilianischen Verteidigung) auf dem Brett. Schwarz benutzt seine Doppelbauern
auf der f-Linie und zieht zweimal f7-f5.} (11... Qb6) (11... Rc8) (11... Bh6 $5
) (11... Bg7 12. Nc4 Nd4 13. Bd3 $5 O-O (13... f5 14. exf5 Bxc4 (14... Bxf5 15.
Bxf5 Nxf5 16. Qg4 {[%csl Rf5,Rg7]} Qd7 17. Qxf5 Qxf5 18. Nxd6+ $18 {[%cal
Rd6f5,Rd6e8]}) (14... Nxf5 15. Bxf5 Bxc4 (15... Bxf5 16. Nxd6+ $18) 16. Qg4 {
[%cal Rg4c4,Rg4g7]}) 15. Bxc4 Qg5 16. Bd5 {[%csl Gd5]} O-O (16... Qxf5 17. Ne4)
17. Ne4 Qxf5 18. c3 Ne6 19. Nxd6 Qg6 20. Be4 Qg5 (20... f5 21. Nxf5 Rxf5 22. g4
{[%cal Re4g6]} Rd8 23. Qb3 $18) 21. h4 Qf6 22. Qf3 Qxf3 23. Bxf3 Nc5 24. O-O-O
$16) 14. Ne3 $14) 12. exf5 Bxf5 13. Nc4 Be6 14. Ne3 {[%csl Yd5] In dieser
Stellung spielt der Punkt d5 eine gewichtige Rolle. Wenn Weiß die
weißfeldrigen Läufer tauschen kann, steht er strategisch auf Gewinn. Schwarz
hat jedoch dank seines Läuferpaares immer gute taktische Gegenchancen.} Bh6 $5
{[%cal Gh6c1] Diese Läuferentwicklung ist aktiver als die Alternative 14...Bg7.
} 15. Ned5 (15. Ncd5 O-O (15... f5 $2 16. Qh5+ $18 {[%cal Rh5h6,Rh5e8]}) 16. g3
f5 {[%csl Re3] Und Schwarz kommt schnell zu 17...f4. Der Springer steht
schlecht auf e3.}) 15... O-O 16. g3 f5 17. Bg2 Kh8 $11 {Schwarz hat eine
dauerhafte Schwäche auf d5, aber sein mächtiges Bauernzentrum kompensiert
diesen positionellen Nachteil.} 18. O-O Rc8 {Meiner Meinung nach ist die
schwarze Stellung besser als in der Sweschnikov-Variante, weil der b-Bauer auf
b7 besser steht als auf b5.} 19. Kh1 (19. f4 Bg7 $11 {Jetzt, da die Diagonale
h6-c1 geschlossen ist, kommt der Läufer auf der großen Diagonalen besser zur
Geltung.} (19... Nd4 {[%csl Gd4]}) (19... e4 $5 {[%cal Gh6g7,Gg7a1]} 20. Ne2
Bxd5 21. Qxd5 Qb6+ $17 {[%cal Rb6b2,Rb6g1]})) 19... Nd4 20. f4 Bg7 21. Rf2 {
[%cal Gf2c2] Weiß verteidigt seinen Pc2 und bereitet den eventuellen Turmzug
22.Rd2 vor.} Qa5 22. Rd2 Qc5 (22... b5 $6 23. a3) 23. Na4 (23. a4 Bxd5 24. Nxd5
(24. Bxd5 e4 {[%cal Gd4f3]} 25. Bxb7 Rb8 26. Bxa6 Rxb2 $36) 24... e4 $15 {
[%cal Gg7a1]}) {[#]} 23... Qxd5 $1 {Nach diesem schönen Damenopfer für zwei
Leichtfiguren bekommt Schwarz lebendiges Figurenspiel und Angriff.} (23... Qa7
24. c3 (24. Nab6 Rc5 25. c3 $14 {[%cal Gd1d6]}) 24... Nc6 25. Nab6 $14 {
[%csl Ra7]}) 24. Bxd5 Bxd5+ $44 {[%csl Gd4,Gd5,Rh1]} 25. Kg1 Bf3 $5 (25... Nf3+
26. Kf2 Nxd2 27. Qxd2 Bc6 28. Nc3 $11 {Schwarz spielt mit zwei starken Läufern
gegen die weiße Dame und den Springer.}) 26. Qf1 Bc6 {[%cal Rc6a4,Rd4f3,Rf3d2,
Rf3g1]} 27. Rxd4 $8 (27. Qd1 Nf3+ 28. Kf2 Nxd2 29. Qxd2 Bxa4 $19 {Schwarz hat
R+B+B für die Q.}) 27... exd4 28. Nb6 Rc7 29. Qc4 {[%cal Gc4c7]} (29. Nc4 Bb5
30. b3 d5 31. a4 Bxc4 32. bxc4 dxc4 $17 {[%csl Gc4,Gd4,Gg7]}) 29... Re7 30. a4
{Weiß verteidigt sich gegen die Drohung 30...Bb5.} (30. Rf1 Bb5 {[%cal Rb5f1]})
(30. Nd5 Re4 {[%csl Gd4,Ge4] Und Schwarz droht mit 30...d3 31.Qxd3 Rd4.Ribli.})
30... Rfe8 {[%cal Ge8e1]} 31. Rf1 Re2 {[%csl Rg1][%cal Re2g2]} 32. Rf2 Re1+ (
32... Rxf2 33. Kxf2 $14) 33. Rf1 R1e2 $11 (33... R8e2 34. Rxe1 Rxe1+ 35. Kf2
Rh1 36. Qf7 Rxh2+ 37. Ke1 h6 38. Qxf5 $16 {Weiß hat mindestens Dauerschach mit
Qc8-Qf5.}) 34. Rf2 Re1+ 35. Rf1 {Und wegen Zugwiederholung wurde remis gegeben.
} 1/2-1/2

[Event "Cacak"]
[Site "Cacak"]
[Date "1996.??.??"]
[Round "9"]
[White "Leko, Peter"]
[Black "Paunovic, Dragan"]
[Result "1/2-1/2"]
[WhiteElo "2630"]
[BlackElo "2495"]
[Annotator "Ribli,Z"]
[PlyCount "112"]
[EventDate "1996.11.??"]
[EventType "tourn"]
[EventRounds "9"]
[EventCountry "YUG"]
[EventCategory "13"]
[SourceTitle "CBM 057"]
[Source "ChessBase"]
[SourceDate "1997.04.01"]
[SourceVersion "1"]
[SourceVersionDate "1997.04.01"]
[SourceQuality "1"]

1. e4 c5 2. Nf3 e6 3. d4 cxd4 4. Nxd4 Nc6 5. Nb5 d6 6. Bf4 {Die andere
Möglichkeit ist 6.c4.Ribli.} e5 7. Be3 {Ich möchte anmerken, daß dieselbe
Stellung auch aus der Zugfolge 1.e4 c5 2.Nf3 Nc6 3.d4 cxd4 4.Nxd4 e5 5.Nb5 d6
6.Be3 entsteht.Ribli.} a6 (7... Nf6 $5 8. Bg5 Be6 9. Nd2 Be7 10. Bxf6 Bxf6 11.
Nc4 O-O 12. Qxd6 Qc8 $44 {Wahls,M-Ribli,Z/BL 9596/}) 8. N5c3 {Schwarz hat in
seiner Stellung eine positionelle Schwäche auf d5. In einigen Endspielen ist
das unangenehm, z.B. wenn Weiß einen Springer auf d5 und Schwarz einen
schwarzfeldrigen Läufer hat. Ribli.} Nf6 9. Bg5 Be7 10. Nd2 O-O 11. Nc4 Nd4 (
11... b5 12. Bxf6 Bxf6 13. Nxd6 Be6 $44) (11... Be6 12. Bxf6 Bxf6 13. Qxd6 Qxd6
14. Nxd6 b5 $44 {Leko-Topalov,Wijk aan Zee 1996,mit späterem Remis.Ribli.}) 12.
Ne3 $5 $146 Be6 13. Bd3 Rc8 14. O-O h6 (14... Nxe4 $2 15. Bxe7 Nxc3 16. bxc3
$18 {Das kostet eine Figure.Ribli.}) 15. Bxf6 Bxf6 16. Ncd5 Bg5 17. c3 Nc6 18.
Bc2 {[#] Der weiße Plan ist klar: er bereitet den Zug 19.Bb3 vor mit
eventuellem Läufertausch. Ich möchte anmerken, daß der weißfeldrige Läufer der
gute Läufer des Schwarzen, und der andere der "schlechte" ist.Ribli.} Bxe3 19.
Nxe3 Na5 $2 (19... Qb6 20. Bb3) 20. Bb3 $14 {Weiß hat leichte, aber dauerhafte
Initiative. Die Frage ist, ob Schwarz Remis halten kann oder nicht.Ribli.} Nxb3
21. axb3 Qb6 (21... a5 $2 22. Nd5 Bxd5 (22... Rc5 23. b4 axb4 24. Nxb4) 23.
Qxd5 {Und Schwarz hat viele Bauernschwächen.Ribli.}) 22. b4 (22. Nd5 Bxd5 23.
exd5 $6 (23. Qxd5 Rc5 24. Qd1) 23... f5) 22... Qc6 23. Qd3 (23. Qc2 $5) 23...
Bc4 24. Nxc4 Qxc4 25. Rfd1 Qxd3 26. Rxd3 Rfd8 {Weiß hat einen kleinen, aber
klaren Vorteil. Aber die einzige schwarze Schwäche ist verteidigungsfähig.
Ribli.} 27. Rad1 Rc6 28. g3 f6 29. Kg2 Kf7 30. f4 $5 {Weiß mobilisiert seine
Reserven.Ribli.} (30. Kf3 Ke6 31. Ke3 f5 $11) 30... exf4 31. gxf4 Rc4 32. Kf3 (
32. Rxd6 Rxd6 33. Rxd6 Rxe4 34. Rd7+ Re7 $11) 32... Re8 33. Rd4 Rxd4 34. Rxd4
Ke7 35. f5 (35. h4 g5 36. hxg5 hxg5 37. fxg5 fxg5 38. Kg4 (38. Rd5 Rf8+ 39. Rf5
$2 (39. Ke3 g4) 39... Rxf5+ 40. exf5 Kf6 41. Kg4 d5 42. b3 b5 $19) 38... Rf8
$11) 35... Rg8 36. Rd5 Kd7 37. h4 g5 38. fxg6 Rxg6 39. b5 Rg1 40. Rh5 (40. bxa6
bxa6 41. Rh5 Rb1 42. Rxh6 Rxb2 43. Rxf6 Rb3 $11) 40... Rb1 41. Rxh6 axb5 (41...
Rxb2 $5 42. Rh7+ Ke6 43. Rxb7 axb5) 42. Rh7+ Ke6 43. b4 Rc1 44. Rc7 Rh1 45. Kg3
b6 46. Rc6 Re1 47. Kf4 Rh1 $11 48. Rxb6 Rxh4+ 49. Ke3 Rh5 {Weiß hat einen
mikroskopischen Vorteil, aber das ist etwas wenig Konkretes.Ribili.} 50. Kd4
Re5 51. Rb8 Ke7 52. Rb7+ Ke6 53. c4 bxc4 54. Rc7 Rb5 55. Kxc4 (55. Rxc4 f5 $11
(55... d5 56. Rc6+ Kd7 57. exd5 Rxb4+ $11)) 55... Re5 56. Kd4 Rb5 {Ribli}
1/2-1/2

[Event "Sonnevanck 3rd"]
[Site "Wijk aan Zee"]
[Date "1993.??.??"]
[Round "4"]
[White "Armas, Julius"]
[Black "Reinderman, Dimitri"]
[Result "1/2-1/2"]
[WhiteElo "2410"]
[BlackElo "2435"]
[Annotator "Ribli,Z"]
[PlyCount "73"]
[EventDate "1993.??.??"]
[EventType "tourn"]
[EventRounds "9"]
[EventCountry "NED"]
[EventCategory "10"]
[SourceTitle "CBM 040"]
[Source "ChessBase"]
[SourceDate "1994.06.01"]
[SourceVersion "1"]
[SourceVersionDate "1994.06.01"]
[SourceQuality "1"]

1. e4 c5 2. Nf3 Nc6 3. d4 cxd4 4. Nxd4 Nf6 5. Nc3 e5 6. Ndb5 d6 7. Be3 a6 8.
Na3 Rb8 (8... b5 $5) 9. f3 (9. Nd5 b5 $5 10. c4 (10. Nxf6+ Qxf6 11. c4 b4 12.
Nb1 a5 $13 {Szalanczy,E-Dokhoian,Y/Cattolica/1993/}) 10... b4 11. Nc2 Nxe4 $15
{Polgar,J-Vaiser,A/Oviedo/1993/EXP38/}) 9... Be6 10. Qd2 d5 11. exd5 Nxd5 12.
Nxd5 Qxd5 13. Qxd5 Bxd5 14. Bc4 $6 (14. O-O-O Bxa2 15. Nc4 Bxc4 16. Bxc4 Be7
17. Bb6 Bd8 18. Bc5 Be7 19. Bb6 $10) (14. Nc4 $5) 14... Bxa3 15. Bxd5 Bxb2 16.
Rb1 Bc3+ 17. Kf2 Ke7 18. Bc5+ Kf6 19. Rb3 Bd4+ 20. Bxd4 Nxd4 21. Rb6+ Ne6 22.
Rhb1 Rhc8 23. c4 $44 Rc5 24. R1b2 Ra5 25. Ke3 Ra3+ 26. Kf2 Ra5 27. h4 h6 28. h5
Ke7 $5 29. Bxe6 fxe6 30. Rxb7+ Rxb7 31. Rxb7+ Kf6 32. Rb2 e4 $1 33. Rc2 exf3
34. c5 Ke7 35. Kxf3 Kd7 36. Ke4 Ra4+ 37. Ke5 (37. Ke5 Rh4 $10) 1/2-1/2